[Event "San Sebastian de los Reyes op U2200 2nd"]
[Site "San Sebastian de los Reyes"]
[Date "2019.05.18"]
[Round "3"]
[White "Toledano Alos, Raul"]
[Black "Hernandez Ramos, David"]
[Result "1-0"]
[WhiteElo "1817"]
[BlackElo "2071"]
[PlyCount "122"]
[EventDate "2019.05.11"]
[EventType "swiss"]
[EventRounds "6"]
[EventCountry "ESP"]
[SourceTitle "EXT 2024"]
[Source "ChessBase"]
[SourceDate "2023.10.10"]
[SourceVersion "1"]
[SourceVersionDate "2023.10.10"]
[SourceQuality "1"]

1. e4 e6 2. d4 d5 3. e5 c5 4. c3 Qb6 5. Nf3 Nc6 6. a3 f6 7. b4 c4 8. a4 fxe5 9. dxe5 Qc7 10. Bf4 Nge7 11. b5 Nd8 12. Be2 Ng6 13. Bg3 Nf7 14. 0-0 Bd7 15. Re1 Bc5 16. Nbd2 a6 17. Nd4 Bxd4 18. cxd4 axb5 19. axb5 0-0 20. Qc2 Qb6 21. Qc3 Bxb5 22. Rab1 Qa5 23. Qc2 Bc6 24. Bxc4 dxc4 25. Nxc4 Qd5 26. f3 Ng5 27. Re3 Qxd4 28. Bf2 Qf4 29. Bg3 Qf7 30. Nd6 Qe7 31. Qb3 Bd5 32. Qd3 Nf7 33. Qd4 Qd7 34. h4 Ne7 35. Qg4 Nxd6 36. exd6 Nf5 37. Re5 Nxg3 38. Rxd5 Nf5 39. Rdb5 Qxd6 40. R5b4 Rfd8 41. Kh1 Rab8 42. Rb6 Qe5 43. R6b5 Rd5 44. f4 Qe4 45. R5b2 b5 46. Rb4 Rd4 47. Rxb5 Rxb5 48. Rxb5 Qe1+ 49. Kh2 Qxh4+ 50. Qxh4 Nxh4 51. Re5 Rd6 52. Kh3 Ng6 53. Re4 Kf7 54. Kg4 Kf6 55. g3 Ne7 56. Ra4 Rd3 57. Ra5 Nf5 58. Rxf5+ exf5+ 59. Kh4 h6 60. g4 fxg4 61. Kh5 g3 1-0